Catálogo

EL SECRETO DE LA ALEGRIA (Registro nro. 33207)

Detalles MARC
000 -LEADER
fixed length control field 00457nam a2200181 a 4500
001 - CONTROL NUMBER
control field 33207
005 - DATE AND TIME OF LATEST TRANSACTION
control field 20180714001058.0
008 - FIXED-LENGTH DATA ELEMENTS--GENERAL INFORMATION
fixed length control field 140415s2000 000 0 spa d
020 ## - INTERNATIONAL STANDARD BOOK NUMBER
International Standard Book Number 2840240181
041 ## - LANGUAGE CODE
Language code of text/sound track or separate title spa
082 ## - DEWEY DECIMAL CLASSIFICATION NUMBER
Classification number 200
Item number MAR
100 1# - MAIN ENTRY--PERSONAL NAME
Personal name MARIE-LAETITIA
245 13 - TITLE STATEMENT
Title EL SECRETO DE LA ALEGRIA
260 ## - PUBLICATION, DISTRIBUTION, ETC.
Place of publication, distribution, etc. [s.l.] :
Name of publisher, distributor, etc. PUBLICACIONES KERYGMA,
Date of publication, distribution, etc. 2000
300 ## - PHYSICAL DESCRIPTION
Extent 51
490 ## - SERIES STATEMENT
Series statement VIDA EN EL ESPIRITU
Volume/sequential designation 4
650 14 - SUBJECT ADDED ENTRY--TOPICAL TERM
Topical term or geographic name entry element ALEGRIA
Existencias
Withdrawn status Lost status Source of classification or shelving scheme Damaged status Not for loan Collection code Home library Current library Shelving location Date acquired Source of acquisition Inventory number Total Checkouts Full call number Barcode Date last seen Price effective from Koha item type
    Dewey Decimal Classification     General Biblioteca Karol Wojtyla Biblioteca Karol Wojtyla Sala general 03/12/2013 Compra 151000000000000000057154   200 MAR 50820 05/01/2026 03/12/2013 Libro